000 00517nam a2200157 a 4500
005 20140412111305.0
008 010502s19uu xx 00 eng d
020 _a0-307-11870-3
050 _aTR(PS E
_bMy99 1982
100 _aMoche, Dinah L.
245 _aMy first book about space :
_ba question and answer book /
_cby Dinah L. Moche, Ph. D. ; illustrated by R. Z. Whitlock.
260 _aNew York :
_bA Golden Book,
_c1982.
300 _a1v. (unp.) ; ill.
650 _aSpace-Study and teaching
999 _c103660
_d103660